Statistics for Country Neighbour Connect: Largest, starting with Algeria

Click here to take the quiz!

General Stats

  • This quiz has been taken 87 times
  • The average score is 104 of 154

Answer Stats

COUNTRY% Correct
Algeria
100%
Libya
95%
Sudan
95%
Chad
94%
Niger
94%
Mali
92%
France
90%
Mauritania
90%
Morocco
90%
Spain
90%
Argentina
84%
Bolivia
84%
Brazil
84%
Colombia
84%
Guyana
84%
Peru
84%
Suriname
84%
Venezuela
84%
Belize
76%
Canada
76%
Chile
76%
China
76%
Costa Rica
76%
Ecuador
76%
Egypt
76%
El Salvador
76%
Germany
76%
Guatemala
76%
Honduras
76%
India
76%
Iran
76%
Iraq
76%
Israel
76%
Jordan
76%
Lebanon
76%
Mexico
76%
Oman
76%
Pakistan
76%
Panama
76%
Paraguay
76%
Poland
76%
Russia
76%
Saudi Arabia
76%
Syria
76%
Turkey
76%
United Arab Emirates
76%
United States
76%
Uruguay
76%
Yemen
76%
Nicaragua
75%
Kuwait
73%
Bulgaria
70%
Greece
70%
Qatar
70%
Romania
70%
Ukraine
70%
Albania
68%
Austria
68%
Belarus
68%
Bosnia and Herzegovina
68%
Croatia
68%
Czech Republic
68%
Estonia
68%
Hungary
68%
Italy
68%
Kosovo
68%
Latvia
68%
Liechtenstein
68%
Lithuania
68%
Macedonia
68%
Montenegro
68%
San Marino
68%
Serbia
68%
Slovakia
68%
Slovenia
68%
Switzerland
68%
Vatican City
68%
Afghanistan
65%
Armenia
65%
Azerbaijan
65%
Burma
65%
East Timor
65%
Georgia
65%
Indonesia
65%
Kazakhstan
65%
Kyrgyzstan
65%
Malaysia
65%
Moldova
65%
Papua New Guinea
65%
Tajikistan
65%
Thailand
65%
Turkmenistan
65%
Uzbekistan
65%
Brunei
63%
Laos
63%
Vietnam
63%
Bhutan
62%
Cambodia
62%
Mongolia
62%
Nepal
62%
North Korea
62%
South Korea
62%
Bangladesh
60%
Belgium
60%
Luxembourg
60%
Monaco
60%
Netherlands
60%
Andorra
59%
Denmark
59%
Finland
59%
Norway
59%
Senegal
59%
Sweden
59%
Angola
57%
Benin
57%
Burkina Faso
57%
Cameroon
57%
Central African Republic
57%
Côte d'Ivoire
57%
Democratic Republic of the Congo
57%
Ghana
57%
Guinea
57%
Ireland
57%
Mozambique
57%
Namibia
57%
Nigeria
57%
Portugal
57%
South Africa
57%
Tanzania
57%
Togo
57%
United Kingdom
57%
Zambia
57%
Botswana
56%
Zimbabwe
56%
Malawi
54%
Burundi
52%
Djibouti
52%
Equatorial Guinea
52%
Eritrea
52%
Ethiopia
52%
Gabon
52%
Kenya
52%
Rwanda
52%
Somalia
52%
South Sudan
52%
Uganda
52%
Lesotho
51%
Republic of the Congo
51%
Swaziland
51%
Gambia
49%
Guinea-Bissau
49%
Liberia
49%
Sierra Leone
49%
Tunisia
49%

Score Distribution

Percentile by Number Answered

Percent of People with Each Score

Your Score History

You have not taken this quiz